Problémy stimulácie pracovníkov na urýchľovaní cyklu veda - výskum - vývoj - výroba - použitie. V podmienkach Výskumného ústavu energetického záverečná práca postgraduálneho štúdia

Gespeichert in:
Bibliographische Detailangaben
1. Verfasser: Zajarnaja, Jaroslava
Körperschaft: Vysoká škola ekonomická v Bratislave
Weitere Verfasser: Bláhová, Eva
Format: Buch
Sprache:Slowakisch
Veröffentlicht: Bratislava 1990
Tags: Tag hinzufügen
Keine Tags, Fügen Sie das erste Tag hinzu!

MARC

LEADER 00000nam a2200000 4500
001 c040049
005 20221215071302.2
041 0 |a slo 
044 |a SK 
245 1 0 |a Problémy stimulácie pracovníkov na urýchľovaní cyklu veda - výskum - vývoj - výroba - použitie. V podmienkach Výskumného ústavu energetického  |b záverečná práca postgraduálneho štúdia  |c Jaroslava Zajarnaja ; ved. práce Eva Bláhová 
264 1 |a Bratislava  |c 1990 
300 |a 38 s. 
100 1 |a Zajarnaja, Jaroslava 
700 1 |a Bláhová, Eva 
710 2 |a Vysoká škola ekonomická v Bratislave